| 000 | 00447cam a22001337a 4500 | ||
|---|---|---|---|
| 008 | 180718b1946 xxu||||| |||| 00| 0 eng d | ||
| 082 | _aAAx44 ur9 | ||
| 100 | _aUrwin, Kenneth | ||
| 245 |
_aCentury for freedom:survey of the french "Philosophers" _cby Kenneth Urwin |
||
| 260 |
_aLondon _bWatts _c1946 |
||
| 300 | _a113p | ||
| 440 | _aThinker's library, No. 109 | ||
| 650 | _aPhilosophy, French.Philosophers -France.Eighteenth century.Encyclopedists. | ||
| 999 |
_c416254 _d416254 |
||